Villes danoises - Statistiques

Statistiques générales
  • Ce quiz a été pris 48 fois
  • Le résultat moyen est 4 sur 6
Answers on the Grid
Answers color-coded by a green-red scale on the quiz's grid according to % correct below.
Copenhague
Aarhus
Odense
Esbjerg
Frederiksberg
Roskilde
Stavanger
Lund
Malmö
Helsingborg
Tampere
Kaunas
Trondheim
Kiel
Lübeck
Göteborg
 
Statistiques - réponses
Réponse % Correct
Copenhague
90%
Aarhus
87%
Odense
67%
Roskilde
49%
Esbjerg
46%
Frederiksberg
46%
Aucun quiz correspondant
Distribution des résultats
% des personnes avec chaque résultat
Percentile par nombre de réponses
Votre historique - résultats
Vous n’avez pas pris ce quiz